| 000 | 00569nam a2200217Ia 4500 | ||
|---|---|---|---|
| 005 | 20250425162752.0 | ||
| 008 | 250425s9999 xx 000 0 und d | ||
| 020 | _a9789978926079 | ||
| 041 | _aspa | ||
| 043 | _aec | ||
| 082 | _a863.69866 | ||
| 100 | _aCHIRIBOGA VILLAQUIRAN, MARCO | ||
| 245 | 0 | _aVIDA, PASION Y MUERTE DE EUGENIO FRANCISCO XAVIER DE SANTA CRUZ Y ESPEJO | |
| 250 | _a1A ED. | ||
| 260 |
_aEcuador _bMINISTERIO DE CULTURA _c2008 |
||
| 260 | _aQUITO | ||
| 300 | _a132 | ||
| 650 | _aEUGENIO ESPEJO-BIOGRAFIA | ||
| 942 | _c01 | ||
| 010 | _a107353 | ||
| 999 |
_c236036 _d236036 |
||